[Event "Quebec op"]
[Site "Montreal"]
[Date "1986.08.09"]
[Round "7"]
[White "Girard, Robin"]
[Black "Ahad, Noorul"]
[Result "1-0"]
[WhiteElo "2167"]
[BlackElo "1932"]
[PlyCount "91"]
[EventDate "1986.08.03"]
[EventType "swiss"]
[EventRounds "8"]
[EventCountry "CAN"]
[SourceTitle "EXT 2022"]
[Source "ChessBase"]
[SourceDate "2021.10.06"]
[SourceVersion "1"]
[SourceVersionDate "2021.10.06"]
[SourceQuality "1"]

1. e4 d6 2. d4 Nf6 3. Nc3 g6 4. g3 Bg7 5. Bg2 0-0 6. Nge2 e5 7. 0-0 c6 8. h3 Re8 9. a4 a5 10. Be3 Nbd7 11. dxe5 dxe5 12. Qd2 Qe7 13. f4 Qb4 14. f5 Nc5 15. g4 Bd7 16. b3 Rad8 17. Qe1 Na6 18. Bg5 gxf5 19. Qh4 Qc5+ 20. Kh1 Re6 21. exf5 Rd6 22. Ne4 Nxe4 23. Bxd8 Rh6 24. Qe1 Qxc2 25. Ng3 Nxg3+ 26. Qxg3 f6 27. Rad1 Be8 28. Bb6 Nc5 29. Rd8 Kf7 30. Qf2 Qxf2 31. Rxf2 Nxb3 32. Be3 Rh4 33. Rb2 Ke7 34. Rxe8+ Kxe8 35. Rxb3 b5 36. axb5 cxb5 37. Rxb5 Bf8 38. Rxa5 Bb4 39. Ra7 Be1 40. Bc5 e4 41. Kh2 Bc3 42. Bxe4 Be5+ 43. Kg2 h5 44. Bc6+ Kd8 45. Bb6+ Kc8 46. Rg7 1-0